000
00425nam a2200169Ia 4500
008
090711s9999 xx 000 0 und d
082
_b
35251
100
_a
साठे अण्णाभाऊ
245
_a
आग
260
_c
1967
300
_a
114
600
_a
साठे अण्णाभाऊ
630
_a
आग
700
_a
साठे अण्णाभाऊ
730
_a
आग
942
_c
BOOK
999
_c
297087
_d
297087